[Event "Titled Tuesday intern op 21st May Early"]
[Site "Chess.com INT"]
[Date "2024.05.21"]
[Round "1"]
[White "Kolmagorov, Alexey"]
[Black "Caku, Kler"]
[Result "1-0"]
[WhiteElo "2125"]
[BlackElo "1787"]
[PlyCount "91"]
[EventDate "2024.05.21"]
[EventType "swiss (blitz)"]
[EventRounds "11"]
[EventCountry "USA"]
[SourceTitle "CBM 220 Extra"]
[Source "ChessBase"]
[SourceDate "2024.07.31"]
[SourceVersion "1"]
[SourceVersionDate "2024.07.31"]
[SourceQuality "1"]

1. e4 e5 2. Nf3 Nc6 3. Bc4 Bc5 4. d3 h6 5. Be3 Bb6 6. Nc3 Nf6 7. h3 0-0 8. 0-0 d6 9. Bxb6 axb6 10. Nd2 Ne7 11. f4 exf4 12. Rxf4 Ng6 13. Rf1 Ne5 14. Bb3 Be6 15. Qe1 Bxb3 16. Nxb3 Ng6 17. Nd4 Qe7 18. Nf5 Qe5 19. Qf2 Nh7 20. Rae1 Ne7 21. d4 Qf6 22. Nxe7+ Qxe7 23. Nd5 Qd8 24. a3 c6 25. Ne3 Ng5 26. Nf5 Qf6 27. e5 dxe5 28. dxe5 Qe6 29. Qxb6 Rad8 30. Qb4 c5 31. Qf4 Kh8 32. h4 Nh7 33. Re3 b5 34. Rg3 Rg8 35. Nd6 Rd7 36. Nxf7+ Rxf7 37. Qxf7 Qxe5 38. Rff3 Qd4+ 39. Kh2 Qxh4+ 40. Rh3 Qd4 41. Rfg3 Qd6 42. Kh1 Qd1+ 43. Kh2 Qd6 44. Qg6 Qe7 45. Rxh6 gxh6 46. Qxg8# 1-0

[Event "Titled Tuesday intern op 21st May Early"]
[Site "Chess.com INT"]
[Date "2024.05.21"]
[Round "7"]
[White "Nazari, Arad"]
[Black "Kolmagorov, Alexey"]
[Result "1-0"]
[WhiteElo "2370"]
[BlackElo "2125"]
[PlyCount "43"]
[EventDate "2024.05.21"]
[EventType "swiss (blitz)"]
[EventRounds "11"]
[EventCountry "USA"]
[SourceTitle "CBM 220 Extra"]
[Source "ChessBase"]
[SourceDate "2024.07.31"]
[SourceVersion "1"]
[SourceVersionDate "2024.07.31"]
[SourceQuality "1"]

1. e4 c5 2. Nf3 e6 3. d4 cxd4 4. Nxd4 Nc6 5. Nc3 Qc7 6. Be3 a6 7. Qf3 Ne5 8. Qg3 h5 9. Nf5 exf5 10. Nd5 Qb8 11. Bb6 Bd6 12. Qxg7 Ng6 13. Bc4 Nh6 14. Nf6+ Ke7 15. exf5 Be5 16. Nd5+ Ke8 17. f6 a5 18. 0-0-0 Ra6 19. Rhe1 d6 20. Nc7+ Kd7 21. Bb5+ Kd8 22. Ne6# 1-0

[Event "Titled Tuesday intern op 14th May Early"]
[Site "Chess.com INT"]
[Date "2024.05.14"]
[Round "8"]
[White "Hayrapetyan, Edgar"]
[Black "Kolmagorov, Alexey"]
[Result "1-0"]
[WhiteElo "2295"]
[BlackElo "2129"]
[PlyCount "205"]
[EventDate "2024.05.14"]
[EventType "swiss (blitz)"]
[EventRounds "11"]
[EventCountry "USA"]
[SourceTitle "EXT 2025"]
[Source "ChessBase"]
[SourceDate "2024.10.14"]
[SourceVersion "1"]
[SourceVersionDate "2024.10.14"]
[SourceQuality "1"]

1. d3 d5 2. Nd2 g6 3. e3 Bg7 4. g3 Nf6 5. Bg2 0-0 6. Ne2 c5 7. 0-0 Nc6 8. Rb1 b6 9. a3 Bb7 10. b3 e6 11. Bb2 Qe7 12. d4 Rac8 13. b4 cxd4 14. exd4 Ba6 15. Re1 Qc7 16. Nf4 Bb5 17. c3 Ne7 18. a4 Bd7 19. Qb3 Nf5 20. Rbd1 Nd6 21. b5 Rfd8 22. Ba3 Bf8 23. h4 Qxc3 24. Qxc3 Rxc3 25. Bb4 Rc7 26. h5 Rdc8 27. h6 Nf5 28. Bxf8 Kxf8 29. Nf3 Nxh6 30. Ne5 Be8 31. Bh3 Nhg8 32. Bxe6 Rd8 33. Bh3 a6 34. bxa6 Ra7 35. Bf1 Bxa4 36. Rb1 Rd6 37. Rec1 Ne7 38. Rb4 b5 39. Nfd3 Raxa6 40. Nc5 Ra7 41. Ra1 Rc7 42. Rc1 Kg8 43. Bxb5 Bxb5 44. Rxb5 Rd8 45. Rcb1 Nf5 46. Nf3 Ne4 47. Rb7 Rxb7 48. Rxb7 Nxd4 49. Nxd4 Nxc5 50. Re7 Kf8 51. Ra7 Re8 52. Ra5 Ne6 53. Rxd5 Ng7 54. Kg2 Nh5 55. Nf3 Kg7 56. Ra5 Nf6 57. Ra7 h6 58. Nd4 Re4 59. Nb5 Re6 60. Nd4 Rd6 61. Nf3 Rd5 62. Rb7 Ne4 63. Re7 Nf6 64. Ne5 Kg8 65. Nxf7 Kf8 66. Ra7 h5 67. Nh8 Rd7 68. Nxg6+ Kg7 69. Rxd7+ Nxd7 70. Nf4 Kh6 71. Kh3 Nf6 72. Ne6 Ng4 73. f3 Nf6 74. Nf4 Kg5 75. Ne6+ Kf5 76. Nd4+ Kg5 77. f4+ Kg6 78. Kh4 Ne4 79. Nf3 Kh6 80. Ne5 Nf6 81. f5 Ne4 82. Nf7+ Kg7 83. Ng5 Nf6 84. Ne6+ Kh6 85. Nf4 Nd7 86. Nxh5 Ne5 87. Nf4 Kg7 88. Kg5 Nf7+ 89. Kg4 Kf6 90. Nh5+ Ke5 91. f6 Ke6 92. Kf4 Nd6 93. g4 Kf7 94. g5 Kg6 95. Kg4 Nf7 96. Nf4+ Kh7 97. g6+ Kg8 98. gxf7+ Kxf7 99. Kf5 Ke8 100. Ke6 Kd8 101. f7 Kc7 102. f8Q Kb7 103. Qd8 1-0

[Event "Titled Tuesday intern op 14th May Early"]
[Site "Chess.com INT"]
[Date "2024.05.14"]
[Round "5"]
[White "Kolmagorov, Alexey"]
[Black "McCoy, Owen"]
[Result "1/2-1/2"]
[WhiteElo "2129"]
[BlackElo "2085"]
[PlyCount "138"]
[EventDate "2024.05.14"]
[EventType "swiss (blitz)"]
[EventRounds "11"]
[EventCountry "USA"]
[SourceTitle "EXT 2025"]
[Source "ChessBase"]
[SourceDate "2024.10.14"]
[SourceVersion "1"]
[SourceVersionDate "2024.10.14"]
[SourceQuality "1"]

1. e4 c6 2. d4 d5 3. exd5 cxd5 4. Bd3 Nc6 5. c3 Qc7 6. Ne2 Bg4 7. f3 Bh5 8. Bf4 Qd7 9. 0-0 e6 10. Nd2 Bg6 11. Nb3 Bd6 12. Qd2 Nge7 13. Rae1 b6 14. Nbc1 0-0 15. Bxg6 Nxg6 16. Bxd6 Qxd6 17. Nd3 Rae8 18. f4 Nge7 19. Ng3 f6 20. Rf2 Nc8 21. Rfe2 Re7 22. Re3 Rfe8 23. Qe2 Qd7 24. f5 exf5 25. Qf2 g6 26. Nf4 Rxe3 27. Rxe3 Rxe3 28. Qxe3 Kf7 29. h4 N6e7 30. Qf3 Qc6 31. h5 Nd6 32. hxg6+ hxg6 33. Nf1 Ne4 34. Qh3 Kg7 35. g4 Qd6 36. Ne2 fxg4 37. Qxg4 Kf7 38. Qh3 Qe6 39. Qh7+ Ke8 40. Qh4 Qf5 41. Ne3 Qg5+ 42. Qxg5 fxg5 43. Kg2 Kd7 44. Kf3 Ke6 45. Ng4 Nf5 46. Ne5 Nd2+ 47. Kf2 Nc4 48. Nxc4 dxc4 49. Kf3 Kd5 50. Ng1 g4+ 51. Kxg4 Ne3+ 52. Kg5 Nd1 53. Ne2 Nxb2 54. Kxg6 Nd1 55. Kf5 b5 56. Nf4+ Kd6 57. Ne2 a5 58. Ke4 b4 59. cxb4 axb4 60. d5 Nf2+ 61. Kd4 c3 62. Nxc3 bxc3 63. Kxc3 Kxd5 64. Kd2 Ne4+ 65. Kc2 Nc5 66. a4 Kc6 67. a5 Na6 68. Kd2 Kb5 69. Ke2 Kxa5 1/2-1/2

[Event "Titled Tuesday intern op 26th Mar Early"]
[Site "Chess.com INT"]
[Date "2024.03.26"]
[Round "7"]
[White "Arslanov, Shamil"]
[Black "Kolmagorov, Alexey"]
[Result "1/2-1/2"]
[WhiteElo "2410"]
[BlackElo "2125"]
[PlyCount "94"]
[EventDate "2024.03.26"]
[EventType "swiss (blitz)"]
[EventRounds "11"]
[EventCountry "USA"]
[SourceTitle "EXT 2025"]
[Source "ChessBase"]
[SourceDate "2024.10.14"]
[SourceVersion "1"]
[SourceVersionDate "2024.10.14"]
[SourceQuality "1"]

1. d4 Nf6 2. Nc3 d5 3. e4 dxe4 4. f3 exf3 5. Nxf3 g6 6. Bc4 Bg7 7. 0-0 0-0 8. Qe1 Bg4 9. Qh4 Nc6 10. Ne2 Qd7 11. h3 Bxf3 12. Rxf3 Rad8 13. c3 Na5 14. Bd3 c5 15. dxc5 Nc6 16. Bf4 Nd5 17. Bg3 Ne5 18. Bxe5 Bxe5 19. Raf1 Qc7 20. Qc4 b6 21. cxb6 Qxb6+ 22. Nd4 Qxb2 23. Nc6 Qb6+ 24. Kh1 Ne3 25. Nxe7+ Kh8 26. Qe4 Bd6 27. Rxe3 Rde8 28. Qd4+ Qxd4 29. cxd4 Rxe7 30. Rxe7 Bxe7 31. Rb1 Rd8 32. Be2 Rxd4 33. Rb7 Bf6 34. Rxf7 Be5 35. Kg1 Rd2 36. Bc4 Bd4+ 37. Kf1 Rd1+ 38. Ke2 Rb1 39. g4 Rb2+ 40. Kf3 Rf2+ 41. Ke4 Rxf7 42. Bxf7 Bb6 43. Bb3 Kg7 44. Kf4 Kf6 45. Kf3 g5 46. Bc2 h6 47. Bb3 Bc7 1/2-1/2